Statistics for Languages Most Similar to Czech

Click here to take the quiz!

General Stats

  • This quiz has been taken 172 times
  • The average score is 9 of 10

Answer Stats

IndexLanguage% Correct
5,7Slovak
97%
7,9Russian
96%
9,5Polish
93%
10,1Serbian
90%
12,9Croatian
89%
11,9Slovene
88%
11,3Ukrainian
84%
16,1Bulgarian
81%
15,4Belarusian
79%
18,4Macedonian
69%

Score Distribution

Percentile by Number Answered

Percent of People with Each Score

Your Score History

You have not taken this quiz